| 000 | 00715nam a2200217Ia 4500 | ||
|---|---|---|---|
| 005 | 20220616143320.0 | ||
| 008 | 210716s2001 xx 000 0 und d | ||
| 020 | _a8178083078 | ||
| 040 | _cAIMIT LIBRARY | ||
| 041 | _aeng | ||
| 082 |
_a005.8 _21 _bSTAW |
||
| 100 |
_aStallings, William. _943437 |
||
| 245 |
_aNetwork security essentials : _bApplications and standards / _cBy William Stallings |
||
| 250 |
_a1st ed. _bLow Price Edition |
||
| 260 |
_aNew Delhi : _bPearson Education , _c2003 |
||
| 300 |
_axiii, 366p. ; _bPB ; _c24 cm. |
||
| 650 |
_aCryptography-Data encryption _943438 |
||
| 650 |
_aNetwork Security Applications _943439 |
||
| 650 |
_aSystem Security _943440 |
||
| 942 |
_2ddc _cBK _e1st _k005.8 STAW |
||
| 999 |
_c184225 _d184225 |
||